000 00923nam a22002297a 4500
999 _c2971
_d2971
003 AR-CdUCM
008 190305b ||||| |||| 00| 0 spa d
040 _aMUNICIPALIDAD PROVINCIAL DEL CUSCO
_cBIBLIOTECA MUNICIPAL DEL CUSCO
082 _a985.009 /
_bAL36
100 _aAlcalde Mongrut, Arturo
_910158
245 _aFederico Villareal /
260 _aLima :
_bVisión Peruana,
_bMonterrico,
_c1987.
300 _a63 páginas ;
_bilustraciones,
_c21 cm.
440 _aLos que hicieron el Perú, Biblioteca visión peruana.
_n10
_910159
500 _aEsta publicación es un aporte de la revista Visión Peruana" - Cubierta posterior.
505 _aContenido: El hombre -- Estudios Universitarios --Ingeniería y función pública -- Divulgación y política de la ciencia -- El sabio ...
650 _aBiografía
_922
650 _aHistoria
_9136
650 _aCientífico
_93576
942 _2ddc
_cLIBROS
945 _aachl